dank meme quiz - Statistics

General Stats
  • This quiz has been taken 1,525 times
  • The average score is 8 of 15
Answer Stats
Hint Answer % Correct
depressed frog pepe
86%
how lives in a pineapple under the sea sponge bob
84%
I have crippling... depression
81%
dank dog doge
79%
smoke it every day weed
78%
360 noscope
69%
most mlg drink mountain dew
67%
was this quizz gud yes
67%
I'm..... GAY
48%
oh sh*t waddup dat boi
47%
the best president Donald trump
26%
Im Rick... harrison
22%
poor gorilla harambae
11%
WOW wally
4%
you wont get this right troll XD
2%
No matching quizzes found
Score Distribution
Percent of People with Each Score
Percentile by Number Answered
Your Score History
You have not taken this quiz